Statistics for Pokemon Sword and Shield Trivia

Click here to take the quiz!

General Stats

  • This quiz has been taken 171 times
  • The average score is 9 of 10

Answer Stats

QuestionAnswer% Correct
Which of these isn't a starter you can pick?Spinderflame
99%
Which Pokemon is Leon known for?Charizard
97%
What is the name of your rival?Hop
97%
what new feature was added in Pokemon Sword and Shield?Camping
95%
Which of the pokemon were introduced in Pokemon Sword and Shield?Skwovet
91%
What is the name of the dark-type gym leader?Piers
86%
Which of these pokemon were introduced in Pokemon Sword and Shield? (Again!)Rolycoly
84%
What country is Galar based on?United Kingdom
84%
What is the final city in Pokemon Sword and Shield?Wyndon
83%
What year was Pokemon Sword and Shield released?2019
62%

Score Distribution

Percentile by Number Answered

Percent of People with Each Score

Your Score History

You have not taken this quiz